| 000 | 00597nam a22001937a 4500 | ||
|---|---|---|---|
| 003 | KOHA_MİRAKIL | ||
| 005 | 20250414140034.0 | ||
| 008 | 250414b tu ||||| |||| 00| 0 tur d | ||
| 020 | _a9786258475159 | ||
| 040 |
_aTR-AnABB _btur _cTR-AnABB |
||
| 041 | _atur | ||
| 082 |
_a828.3354 _bSCH 2021 |
||
| 100 | 1 | _aSchwartz, Alvin, | |
| 245 |
_aKorkunç öyküler 2 / _bkaranlıkta anlatılacak bambaşka korkunç öyküler _cAlvin Schwartz |
||
| 260 |
_aİstanbul : _bİthaki Yayınları, _c2021 |
||
| 300 |
_a87 sayfa , _c20 cm |
||
| 650 | 0 | 4 | _aAmerikan edebiyatı, roman |
| 942 |
_2ddc _cBK |
||
| 999 |
_c8673 _d8673 |
||
| 900 | _bGizem YORULMAZ | ||